| 000 | 00523nam a22002057a 4500 | ||
|---|---|---|---|
| 001 | 00028647 | ||
| 005 | 20260325101601.0 | ||
| 008 | 260325b ag ||||| |||| 00| 0 spa d | ||
| 020 | _a9789870413806 | ||
| 040 |
_bspa _cAR-CcCEOS |
||
| 080 | _a792.8 | ||
| 090 | _bFRE | ||
| 100 | 1 |
_aFreire, Susana _9968 |
|
| 245 |
_aJulio Bocca : _bAdiós hermano cruel / _cSusana Freire |
||
| 250 | _a1ª ed. | ||
| 260 |
_aBuenos Aires : _bAguilar, _c2009. |
||
| 300 |
_a36 p. ; _c19x14 cm. |
||
| 650 | 0 | _aballet | |
| 942 |
_2udc _cBK |
||
| 999 |
_c28680 _d28680 |
||
| 945 |
_a66467 _bMelina Rolando _c66467 _dMelina Rolando |
||